| 000 | 00465nam a22001577a 4500 | ||
|---|---|---|---|
| 999 |
_c8598 _d8598 |
||
| 003 | OSt | ||
| 008 | 200319b ||||| |||| 00| 0 eng d | ||
| 022 | _a9788184871159 | ||
| 100 | _aAhluwalia, V. K. & Parashar, Rakesh K. | ||
| 245 | _aOrganic Reaction Mechanisms | ||
| 250 | _a4th (2019) | ||
| 260 |
_aNew Delhi _bNarosa Publishing House |
||
| 300 | _a774 pages, Dimensions: 9.4 x 7.2 x 1.3 inches | ||
| 650 | _aPharmaceutical Organic Chemisty | ||
| 942 |
_2ddc _cBK |
||